000 00913nam a2200253 i 4500
001 67022
003 ES-MaACL
005 20231212062546.0
007 t|
008 981203s1988 sp ||||0| spa d
017 _aM 42561-1988
040 _aM-BN
_bspa
_cM-BN
080 _a81'276.6:3
100 1 _aPinillos, José Luis.
_992143
245 1 3 _aEl lenguaje de las ciencias humanas
_b: discurso leído el día 18 de diciembre de 1988 en su recepción pública por el Excmo. Sr. don José Luis Pinillos, y contestación del Excmo. Sr. don Julián Marías.
260 _aMadrid :
_bReal Academia Española,
_c1988.
300 _a88 p ;
_c22 cm.
650 1 4 _aCiencias sociales-
_xLenguaje.
_910995
700 1 _aMarías, Julián,
_d1914-2005
_976688
710 2 _aReal Academia Española
_96336
852 _aES-MaACL
_j2170-F-20
_bR.123589
852 _aES-MaACL
_jG-2132
_bR.119419
999 _c67022
_d67022